Extended hours courts pilot (Record no. 69289)

MARC details
000 -LEADER
fixed length control field 00793cam a2200193 4500
001 - CONTROL NUMBER
control field WB3802-25
008 - FIXED-LENGTH DATA ELEMENTS--GENERAL INFORMATION
fixed length control field 020116n2002 000 0 eng u
035 ## - SYSTEM CONTROL NUMBER
System control number (Sirsi) u116314
245 ## - TITLE STATEMENT
Title Extended hours courts pilot
260 ## - PUBLICATION, DISTRIBUTION, ETC.
Date of publication, distribution, etc. 2002
490 ## - SERIES STATEMENT
Series statement Lord Chancellor's Department Press Release
Volume/sequential designation (15/02) 11 January 2002, (1)
520 ## - SUMMARY, ETC.
Summary, etc. A pilot scheme to extend hours for court sittings will begin at Manchester City Magistrates' Court in Spring 2002 and will run for a maximum of 6 months. By increasing court sittings, government hopes to speed up the justice system, reducing delays and case postponements and improve access to justice for all.
590 ## - LOCAL NOTE (RLIN)
Local note WB
650 ## - SUBJECT ADDED ENTRY--TOPICAL TERM
Topical term or geographic name entry element PILOT SCHEME
650 ## - SUBJECT ADDED ENTRY--TOPICAL TERM
Topical term or geographic name entry element ACCESS TO JUSTICE
650 ## - SUBJECT ADDED ENTRY--TOPICAL TERM
Topical term or geographic name entry element MANCHESTER
690 ## - LOCAL SUBJECT ADDED ENTRY--TOPICAL TERM (OCLC, RLIN)
Topical term or geographic name as entry element LAW-UK
942 ## - ADDED ENTRY ELEMENTS (KOHA)
Suppress in OPAC 0
Holdings
Withdrawn status Lost status Source of classification or shelving scheme Damaged status Not for loan Home library Current library Shelving location Date acquired Total Checkouts Full call number Barcode Date last seen Copy number Price effective from Koha item type
    Dewey Decimal Classification     London London News article 16/01/2002   WB3802-25 116314-1001 06/08/2019 1 06/08/2019 News article